00927nam a2200241Ia 4500003000900000008004100009020001800050040001600068080002500084245011800109260007900227300001500306490003700321650003500358650003000393650002900423700003600452700003800488700003300526942000700559999001700566952010200583IN-BaIIA211028s9999 xx 000 0 eng d a0-8194-4208-9 cIIA Library a535(082.1)bSPI-4494 0aAdaptive optics systems and technology IIcedited by Robert K. Tyson, Domenico Bonaccini and Michael C. Roggemann aWashington, D. C.bThe International Society for Optical Engineeringc2002 avii, 374p. aSPIE proceedings series; v. 4494 aAdaptive optics systems926372 aLaser guided stars926373 aWavefront sensing926374 aBonaccini, Domenico, ed.926375 aRoggemann, Michael C., ed.926376 aTyson, Robert K., ed.924668 cBK c14731d14731 00104070aBANbBANcGENd2002-08-06l0o535(082.1)/ SPI-4494p15653r2021-11-05w2002-08-06yBK